[Event "2017 Oceania Zone 3.6 Zonal Championshi"]
[Site "Auckland NZL"]
[Date "2017.01.19"]
[Round "8.18"]
[White "Ang, Alphaeus Wei Ern"]
[Black "Tsai, Charles"]
[Result "0-1"]
[WhiteElo "2271"]
[BlackElo "1908"]
[PlyCount "102"]
[EventDate "2017.01.14"]

1. d4 Nf6 2. c4 e6 3. Nc3 Bb4 4. e3 O-O 5. Bd3 d5 6. Nf3 c5 7. O-O Nc6 8. cxd5
exd5 9. a3 Ba5 10. dxc5 Bxc3 11. bxc3 Bg4 12. c4 Ne5 13. cxd5 Bxf3 14. gxf3
Nxd5 15. Bb2 Nxe3 16. fxe3 Qxd3 17. Bd4 Qxd1 18. Raxd1 Nc6 19. Bc3 Rfd8 20. e4
f6 21. Kf2 Rxd1 22. Rxd1 Rd8 23. Rd5 Kf7 24. Ke3 g6 25. Kd3 Ke6 26. Kc4 a6 27.
h3 f5 28. h4 h5 29. a4 f4 30. a5 Rd7 31. Rxd7 Kxd7 32. Kd5 g5 33. Bf6 g4 34.
Bc3 g3 35. Be1 Nb4+ 36. Kc4 Nc2 37. Kd3 Nxe1+ 38. Ke2 Nc2 39. Kf1 Nd4 40. Kg2
Ke6 41. c6 Nxc6 42. Kg1 Nxa5 43. Kg2 Nc6 44. Kh3 a5 45. e5 Kxe5 46. Kg2 a4 47.
Kh3 a3 48. Kg2 a2 49. Kh3 a1=Q 50. Kg2 b5 51. Kh3 Qh1# 0-1

[Event "2017 Oceania Zone 3.6 Zonal Championshi"]
[Site "Auckland NZL"]
[Date "2017.01.19"]
[Round "8.19"]
[White "Kempen, Leon"]
[Black "Zhang, Leo"]
[Result "1/2-1/2"]
[WhiteElo "1887"]
[BlackElo "2099"]
[PlyCount "51"]
[EventDate "2017.01.14"]

1. d4 Nf6 2. c4 g6 3. Nc3 d5 4. Bf4 Bg7 5. e3 O-O 6. cxd5 Nxd5 7. Nxd5 Qxd5 8.
Bxc7 Bf5 9. Ne2 Na6 10. Nc3 Qc6 11. Ba5 b6 12. Bxa6 bxa5 13. Be2 Rab8 14. Bf3
Qc4 15. Bd5 Qb4 16. Qb3 e6 17. Bf3 Bd3 18. O-O-O Bc4 19. Qxb4 axb4 20. Ne2 Bxa2
21. Kd2 e5 22. Ra1 Bc4 23. Rxa7 Bxe2 24. Kxe2 exd4 25. b3 dxe3 26. fxe3 1/2-1/2

[Event "2017 Oceania Zone 3.6 Zonal Championshi"]
[Site "Auckland NZL"]
[Date "2017.01.19"]
[Round "8.20"]
[White "Lam, Ross"]
[Black "Duneas, John"]
[Result "1-0"]
[WhiteElo "1883"]
[BlackElo "2054"]
[PlyCount "65"]
[EventDate "2017.01.14"]

1. e4 e6 2. d4 d5 3. Nd2 Nf6 4. e5 Nfd7 5. c3 c5 6. f4 Nc6 7. Ndf3 Qb6 8. g3
cxd4 9. cxd4 Bb4+ 10. Kf2 f6 11. Kg2 O-O 12. Bd3 fxe5 13. fxe5 g6 14. Bb1 Be7
15. Ne2 Qc7 16. Nf4 Nb6 17. h4 Rf7 18. a3 Bd7 19. Qd3 Na5 20. b3 Nc6 21. Ra2 a5
22. Qd1 a4 23. b4 Nc4 24. Rf2 Na7 25. Bc2 Nb5 26. Qd3 Qc6 27. Nh3 Nb6 28. h5
Qc4 29. hxg6 hxg6 30. Qxg6+ Rg7 31. Qh6 Rf8 32. Nhg5 Rxg5 33. Qh7# 1-0

[Event "2017 Oceania Zone 3.6 Zonal Championshi"]
[Site "Auckland NZL"]
[Date "2017.01.19"]
[Round "8.21"]
[White "Davis, Tony J"]
[Black "Yan, Matthew"]
[Result "1-0"]
[WhiteElo "1851"]
[BlackElo "2019"]
[PlyCount "77"]
[EventDate "2017.01.14"]

1. e4 d5 2. exd5 Nf6 3. Nc3 Nxd5 4. Bc4 Nb6 5. Bb3 Nc6 6. Nf3 Bf5 7. O-O e6 8.
Qe2 Be7 9. d3 O-O 10. Re1 a6 11. Bd2 Bf6 12. Rab1 a5 13. a4 Bg4 14. Nb5 Qd7 15.
Qe4 Bf5 16. Qf4 Rac8 17. g4 Bg6 18. h4 e5 19. Qg3 h5 20. g5 Be7 21. Bc3 Kh7 22.
Nxe5 Nxe5 23. Qxe5 Bf6 24. gxf6 gxf6 25. Qxf6 Rg8 26. Re3 Nd5 27. Bxd5 Qxd5 28.
Rg3 c5 29. Re1 Rc6 30. Qf4 Re6 31. Rxe6 Qxe6 32. Bd2 Bf5 33. Rxg8 Kxg8 34. Nd6
Bg6 35. Ne4 Qc8 36. Nf6+ Kf8 37. Qd6+ Kg7 38. Bc3 Qh3 39. Ne4+ 1-0

[Event "2017 Oceania Zone 3.6 Zonal Championshi"]
[Site "Auckland NZL"]
[Date "2017.01.19"]
[Round "8.22"]
[White "Eade, Don"]
[Black "Nicholls, Leighton"]
[Result "1/2-1/2"]
[WhiteElo "1831"]
[BlackElo "1929"]
[PlyCount "98"]
[EventDate "2017.01.14"]

1. e4 e5 2. Nf3 Nc6 3. Bb5 a6 4. Ba4 Nf6 5. O-O Be7 6. Re1 b5 7. Bb3 d6 8. c3
O-O 9. h3 Na5 10. Bc2 c5 11. d4 Qc7 12. Nbd2 cxd4 13. cxd4 Bd7 14. Nb3 Rfc8 15.
Bd3 Nc4 16. Nbd2 exd4 17. Nxd4 Ne5 18. Bb1 d5 19. exd5 Nxd5 20. Qh5 Nf6 21.
Bxh7+ Nxh7 22. Qxe5 Bf6 23. Qxc7 Rxc7 24. N2f3 Nf8 25. Bf4 Rc4 26. Be5 Bd8 27.
b3 Rc5 28. Rac1 Rac8 29. Rxc5 Rxc5 30. Bd6 Rd5 31. Bf4 Bb6 32. Re5 Rxd4 33.
Nxd4 Bxd4 34. Rd5 Bc3 35. Bd2 Be6 36. Rd8 Bxd2 37. Rxd2 a5 38. Rd4 Nd7 39. Rd6
a4 40. bxa4 bxa4 41. a3 Kf8 42. Rd4 Nc5 43. Kf1 Bb3 44. Ke2 Ke7 45. h4 Kf6 46.
Ke3 Nb7 47. g4 Na5 48. Kd3 Nb7 49. Rf4+ Ke5 1/2-1/2

[Event "2017 Oceania Zone 3.6 Zonal Championshi"]
[Site "Auckland NZL"]
[Date "2017.01.19"]
[Round "8.23"]
[White "Notley, David G"]
[Black "Russell, Paul"]
[Result "1-0"]
[WhiteElo "2036"]
[BlackElo "1882"]
[PlyCount "63"]
[EventDate "2017.01.14"]

1. Nf3 Nf6 2. c4 c5 3. g3 g6 4. Bg2 Bg7 5. O-O d5 6. cxd5 Nxd5 7. Nc3 O-O 8.
Nxd5 Qxd5 9. d3 e5 10. Be3 Na6 11. Nd2 Qe6 12. Ne4 c4 13. dxc4 Qxc4 14. Nd6 Qc7
15. Rc1 Qe7 16. Nxc8 Rfxc8 17. Qd5 Rcb8 18. Rfd1 Kf8 19. Qb5 e4 20. Rd7 Qe8 21.
Qd5 f5 22. Bd4 Bxd4 23. Qxd4 Qxd7 24. Qxd7 Kg8 25. Qe6+ Kg7 26. Rd1 Re8 27.
Rd7+ Kh6 28. Qf6 Re7 29. Qh4+ Kg7 30. Rxe7+ Kf8 31. Qf6+ Kg8 32. Qg7# 1-0

[Event "2017 Oceania Zone 3.6 Zonal Championshi"]
[Site "Auckland NZL"]
[Date "2017.01.19"]
[Round "8.24"]
[White "Chan, Anthony"]
[Black "Wheeler, Bruce"]
[Result "0-1"]
[WhiteElo "1881"]
[BlackElo "2120"]
[PlyCount "70"]
[EventDate "2017.01.14"]

1. c4 e5 2. g3 f5 3. Bg2 Nf6 4. Nc3 Be7 5. e3 O-O 6. d4 d6 7. Nge2 Nc6 8. O-O
Kh8 9. Nd5 Nxd5 10. cxd5 Nb8 11. b4 Nd7 12. Bb2 Qe8 13. Rc1 Bd8 14. dxe5 Nxe5
15. Nd4 Bd7 16. f4 Ng4 17. Re1 Nf6 18. Nxf5 Bxf5 19. e4 Bg4 20. Qd4 Qh5 21. e5
Ng8 22. Rc4 Nh6 23. e6 Nf5 24. Qd3 c6 25. dxc6 Bb6+ 26. Bd4 Nxd4 27. Rxd4 bxc6
28. Kh1 d5 29. Qc3 Bxd4 30. Qxd4 Rfe8 31. Re5 Qg6 32. Bf1 Rxe6 33. Bd3 Qe8 34.
Rg5 Bf3+ 35. Kg1 Rf6 0-1

[Event "2017 Oceania Zone 3.6 Zonal Championshi"]
[Site "Auckland NZL"]
[Date "2017.01.19"]
[Round "8.25"]
[White "Picken, Oliver"]
[Black "Parsonage, Ian P"]
[Result "0-1"]
[WhiteElo "1853"]
[BlackElo "2043"]
[PlyCount "118"]
[EventDate "2017.01.14"]

1. e4 Nf6 2. Nc3 d5 3. exd5 Nxd5 4. Bc4 c6 5. Nf3 g6 6. d4 Bg7 7. O-O O-O 8.
Re1 Bg4 9. Bxd5 cxd5 10. Be3 Nc6 11. h3 Bxf3 12. Qxf3 e6 13. Rad1 Rc8 14. Ne2
Qb6 15. b3 Nb4 16. c3 Nxa2 17. Bd2 Qxb3 18. Ra1 Qc2 19. Qe3 Rc4 20. Nc1 Nxc3
21. Bxc3 Qxc3 22. Qxc3 Rxc3 23. Ne2 Rc4 24. Rxa7 b5 25. Rb7 b4 26. Rb1 Bxd4 27.
Nxd4 Rxd4 28. R1xb4 Rxb4 29. Rxb4 Rc8 30. Kf1 Rc2 31. g4 g5 32. Kg2 Kg7 33. Kg3
e5 34. Rb5 Rd2 35. Kf3 e4+ 36. Ke3 Rd3+ 37. Ke2 Kf6 38. Rb6+ Kg7 39. Rb5 f6 40.
Rb7+ Kg6 41. Rd7 Rxh3 42. Rxd5 Rf3 43. Rd4 Rf4 44. Ke3 Rxg4 45. f3 Rg3 46. Rxe4
f5 47. Re6+ Kf7 48. Rh6 Kg7 49. Rh2 g4 50. Kf4 Rxf3+ 51. Kg5 g3 52. Ra2 h6+ 53.
Kh5 Rf2 54. Ra7+ Kf6 55. Ra6+ Ke5 56. Kxh6 Rh2+ 57. Kg5 g2 58. Ra5+ Kd6 59.
Ra6+ Kc7 0-1

[Event "2017 Oceania Zone 3.6 Zonal Championshi"]
[Site "Auckland NZL"]
[Date "2017.01.19"]
[Round "8.26"]
[White "Bhat, Vishal"]
[Black "Hair, Philip I"]
[Result "1/2-1/2"]
[WhiteElo "1995"]
[BlackElo "1877"]
[PlyCount "58"]
[EventDate "2017.01.14"]

1. e4 e6 2. d4 d5 3. Nc3 dxe4 4. Nxe4 Bd7 5. Nf3 Bc6 6. Bd3 Nd7 7. Bf4 Ngf6 8.
Nxf6+ Nxf6 9. O-O Be7 10. c3 Bxf3 11. Qxf3 c6 12. Rfe1 O-O 13. Qh3 Re8 14. Rad1
Bf8 15. Bg5 h6 16. Bc1 Qa5 17. Re5 Qc7 18. g4 Bd6 19. Ree1 Bf4 20. Qg2 Bxc1 21.
Rxc1 Qf4 22. f3 e5 23. dxe5 Rxe5 24. Rcd1 Rae8 25. Rxe5 Qxe5 26. Qg3 Qe3+ 27.
Qf2 Qf4 28. Qg3 Qe3+ 29. Qf2 Qf4 1/2-1/2

[Event "2017 Oceania Zone 3.6 Zonal Championshi"]
[Site "Auckland NZL"]
[Date "2017.01.19"]
[Round "8.27"]
[White "Taylor, Richard"]
[Black "Huang, Alex"]
[Result "0-1"]
[WhiteElo "1848"]
[BlackElo "1993"]
[PlyCount "52"]
[EventDate "2017.01.14"]

1. e4 c5 2. Nf3 d6 3. Bb5+ Nd7 4. d4 cxd4 5. Qxd4 e5 6. Qd1 h6 7. Nc3 Ngf6 8.
O-O a6 9. Ba4 Be7 10. b4 O-O 11. h3 Nb6 12. Bb3 Be6 13. Qe2 Qc7 14. Nd5 Nfxd5
15. exd5 Bxd5 16. Rd1 Bc4 17. Qe4 Bxb3 18. cxb3 f5 19. Qe3 Bf6 20. Bb2 e4 21.
Rac1 Qd8 22. Nd4 Bg5 23. f4 Nd5 24. Qe2 Nxf4 25. Qe1 Qd7 26. h4 Bf6 0-1

[Event "2017 Oceania Zone 3.6 Zonal Championshi"]
[Site "Auckland NZL"]
[Date "2017.01.19"]
[Round "8.28"]
[White "Maligin, William"]
[Black "Goodhue, Nathan"]
[Result "0-1"]
[WhiteElo "1834"]
[BlackElo "1966"]
[PlyCount "106"]
[EventDate "2017.01.14"]

1. d4 e6 2. c4 f5 3. Nc3 Nf6 4. e3 d5 5. Nf3 c6 6. Bd3 Bd6 7. O-O O-O 8. b3 Ne4
9. Bb2 Nd7 10. Rc1 Rf6 11. Ne2 Rh6 12. h3 Qf6 13. Ne5 Nxe5 14. dxe5 Bxe5 15.
Bxe5 Qxe5 16. Bxe4 fxe4 17. Qd4 Qxd4 18. Nxd4 Bd7 19. b4 Rg6 20. Nb3 Rd8 21.
Rfd1 Kf8 22. Rd2 Rc8 23. Rcd1 Be8 24. a4 Rf6 25. Rc1 Rb8 26. b5 Rf7 27. Nd4 Ke7
28. cxd5 cxd5 29. Rc7+ Kd6 30. Rxf7 Bxf7 31. Rc2 Kd7 32. g4 Rc8 33. Rxc8 Kxc8
34. h4 Kc7 35. a5 Kd6 36. a6 bxa6 37. bxa6 Be8 38. Kg2 Bd7 39. Kg3 g6 40. f4
exf3 41. Nxf3 h6 42. h5 gxh5 43. gxh5 Bb5 44. Kf4 Bxa6 45. Ne5 Be2 46. Nf7+ Kc5
47. Ke5 Bxh5 48. Nxh6 Bf3 49. Kxe6 a5 50. Ke5 a4 51. Nf5 a3 52. Nd4 Be4 53.
Nb3+ Kb4 0-1

[Event "2017 Oceania Zone 3.6 Zonal Championshi"]
[Site "Auckland NZL"]
[Date "2017.01.19"]
[Round "8.29"]
[White "Willathgamuwa, Kevin"]
[Black "Zhang, William Jiewen"]
[Result "0-1"]
[WhiteElo "1966"]
[BlackElo "1856"]
[PlyCount "102"]
[EventDate "2017.01.14"]

1. e4 e6 2. d4 d5 3. e5 c5 4. c3 Nc6 5. Nf3 Bd7 6. Be2 f6 7. O-O Qc7 8. Bf4
Nge7 9. Bg3 Qb6 10. exf6 gxf6 11. Qd2 Nf5 12. Rd1 O-O-O 13. Na3 a6 14. Nc2 Bh6
15. Bf4 Bxf4 16. Qxf4 Qxb2 17. Qd2 Qb6 18. Rab1 Qa5 19. dxc5 Qxc5 20. Ncd4 Nfe7
21. Qb2 Qa7 22. c4 Nxd4 23. Nxd4 e5 24. Nb3 Bf5 25. Bd3 dxc4 26. Bxf5+ Nxf5 27.
Rdc1 b5 28. a4 Nd6 29. axb5 axb5 30. Ra1 Qb6 31. Na5 Kc7 32. Ra2 Ne4 33. Qe2
Nd6 34. Rca1 Rb8 35. Qh5 Kd7 36. Rd1 Ke7 37. Qf3 Rbc8 38. Qh3 Rc7 39. Qg4 Rf8
40. Qh3 Rf7 41. Qf3 c3 42. Rc1 b4 43. Nb3 Qc6 44. Qd3 Qc4 45. Qc2 Nb5 46. Re1
Na3 47. Rxa3 bxa3 48. Qa2 Qb4 49. Ra1 c2 50. h3 Rc3 51. Nc1 Qb2 0-1

[Event "2017 Oceania Zone 3.6 Zonal Championshi"]
[Site "Auckland NZL"]
[Date "2017.01.19"]
[Round "8.30"]
[White "Dragalchuk, Vladislav"]
[Black "Kumar, Manoj"]
[Result "1/2-1/2"]
[WhiteElo "1800"]
[BlackElo "1962"]
[PlyCount "89"]
[EventDate "2017.01.14"]

1. d4 d5 2. c4 c6 3. cxd5 cxd5 4. Bf4 Nc6 5. e3 Nf6 6. Nc3 a6 7. Bd3 g6 8. h3
Bg7 9. Rc1 O-O 10. Nf3 Bf5 11. Be2 Qa5 12. O-O Rfd8 13. Ne5 Rac8 14. Qa4 Qb6
15. Qa3 Bf8 16. Na4 Qa7 17. Nxc6 bxc6 18. Nc5 a5 19. b4 Ra8 20. b5 cxb5 21.
Bxb5 Ne4 22. Nxe4 Bxe4 23. Qc5 e6 24. Qxa7 Rxa7 25. Rc6 h6 26. f3 g5 27. fxe4
gxf4 28. Rxf4 dxe4 29. Rxe4 Bg7 30. Rc5 a4 31. Rc4 a3 32. Ba4 Rb8 33. Bc2 Rab7
34. Rf4 Rb2 35. Rf2 Kf8 36. Ra4 Rxa2 37. Be4 Rxf2 38. Kxf2 Rb2+ 39. Kf3 a2 40.
g3 Rd2 41. Bb7 e5 42. Bd5 exd4 43. exd4 Rxd4 44. Ra8+ Ke7 45. Ra7+ 1/2-1/2

[Event "2017 Oceania Zone 3.6 Zonal Championshi"]
[Site "Auckland NZL"]
[Date "2017.01.19"]
[Round "8.31"]
[White "Bennett, Hilton P"]
[Black "Lin, Kerry"]
[Result "1-0"]
[WhiteElo "1955"]
[BlackElo "1828"]
[PlyCount "93"]
[EventDate "2017.01.14"]

1. e4 c5 2. Nc3 Nc6 3. f4 e6 4. Nf3 a6 5. d3 d5 6. g3 Nf6 7. e5 Nd7 8. Bg2 Be7
9. O-O b6 10. Qe2 Bb7 11. Bd2 Qc7 12. a3 O-O-O 13. Na2 f6 14. exf6 Bxf6 15. c3
Rde8 16. b4 h6 17. bxc5 Nxc5 18. Rab1 a5 19. Be3 a4 20. Bxc5 bxc5 21. d4 Kd7
22. Qb5 Rb8 23. Ne5+ Bxe5 24. fxe5 Rhe8 25. Rf7+ Re7 26. Rxe7+ Kxe7 27. Qxc5+
Ke8 28. Nb4 Rd8 29. Bf1 Qa5 30. Bb5 Qc7 31. Rf1 Qe7 32. Bxc6+ Rd7 33. Bxd7+
Kxd7 34. Qxe7+ Kxe7 35. Rb1 Kf7 36. Nd3 Bc8 37. Nc5 Kg6 38. Nxa4 Ba6 39. Nc5
Bc4 40. a4 Kf5 41. a5 g5 42. a6 Kg4 43. Kg2 h5 44. h3+ Kf5 45. a7 h4 46. a8=Q
g4 47. Qf8+ 1-0

[Event "2017 Oceania Zone 3.6 Zonal Championshi"]
[Site "Auckland NZL"]
[Date "2017.01.19"]
[Round "8.32"]
[White "Willathgamuwa, Rowan"]
[Black "Yu, Bobby"]
[Result "0-1"]
[WhiteElo "1806"]
[BlackElo "1955"]
[PlyCount "120"]
[EventDate "2017.01.14"]

1. Nf3 Nf6 2. g3 g6 3. Bg2 Bg7 4. O-O O-O 5. c4 c6 6. d4 d5 7. cxd5 cxd5 8. Nc3
Ne4 9. Nxe4 dxe4 10. Ne5 Nd7 11. Bf4 Nf6 12. Qd2 Be6 13. b3 Qd5 14. Rfd1 Rfd8
15. f3 Bf5 16. g4 exf3 17. exf3 Be6 18. Bh6 Qd6 19. Bxg7 Kxg7 20. h3 Nd7 21.
Nc4 Bxc4 22. bxc4 Rac8 23. Rac1 Qa6 24. Qe2 Qf6 25. Qe4 Nb6 26. Bf1 Rc7 27. d5
Nd7 28. Re1 Nc5 29. Qe3 e6 30. dxe6 Nxe6 31. Qe5 Rc5 32. Qxf6+ Kxf6 33. Red1
Ra5 34. Rxd8 Nxd8 35. Rc2 Nc6 36. Rb2 b6 37. Kf2 Ra3 38. f4 Rc3 39. Rd2 Ke7 40.
Re2+ Kf8 41. Re3 Rc2+ 42. Re2 Rxc4 43. Re8+ Kxe8 44. Bxc4 Ke7 45. Ke3 Nd8 46.
h4 Ne6 47. f5 gxf5 48. gxf5 Ng7 49. Kf4 Kf6 50. Bd3 Ne8 51. Bb1 Nd6 52. Bd3 b5
53. Be2 a5 54. Bd3 b4 55. Bc2 Nb5 56. Bb3 Nc3 57. Bc4 a4 58. Ke3 Nxa2 59. Bxa2
b3 60. Bb1 a3 0-1

[Event "2017 Oceania Zone 3.6 Zonal Championshi"]
[Site "Auckland NZL"]
[Date "2017.01.19"]
[Round "8.33"]
[White "Korenevski, Oleg"]
[Black "Fan, Allen Chi Zhou"]
[Result "0-1"]
[WhiteElo "1782"]
[BlackElo "1952"]
[PlyCount "36"]
[EventDate "2017.01.14"]

1. d4 Nf6 2. Nf3 g6 3. c4 Bg7 4. Nc3 O-O 5. g3 b6 6. Bg2 Bb7 7. Qd3 d5 8. O-O
Na6 9. a3 c5 10. cxd5 cxd4 11. Nxd4 Nxd5 12. Nxd5 Bxd5 13. Bxd5 Qxd5 14. Qxa6
Qxd4 15. Rb1 Qe4 16. Be3 Rfc8 17. b4 Rc3 18. Bxb6 axb6 0-1

[Event "2017 Oceania Zone 3.6 Zonal Championshi"]
[Site "Auckland NZL"]
[Date "2017.01.19"]
[Round "8.35"]
[White "Fikh, Anthony"]
[Black "Wang, Tony"]
[Result "0-1"]
[WhiteElo "1553"]
[BlackElo "1913"]
[PlyCount "102"]
[EventDate "2017.01.14"]

1. d4 Nf6 2. Nf3 e6 3. g3 b6 4. Bg2 Bb7 5. c4 Bb4+ 6. Bd2 Bxd2+ 7. Nbxd2 O-O 8.
O-O d6 9. e3 c5 10. Qe2 Nc6 11. Rfd1 cxd4 12. Nxd4 Nxd4 13. exd4 Bxg2 14. Kxg2
d5 15. Qe5 Rc8 16. b3 Qd7 17. cxd5 Nxd5 18. Rac1 Nc3 19. Re1 Nxa2 20. Rxc8 Rxc8
21. Re4 Nc3 22. Rg4 Qd5+ 23. Qxd5 Nxd5 24. Nc4 b5 25. Nd6 Rc2 26. Re4 a6 27.
Nf5 Nf6 28. Ne3 Rxf2+ 29. Kxf2 Nxe4+ 30. Ke2 Nd6 31. d5 exd5 32. Nxd5 f6 33.
Nc7 a5 34. Kd3 Kf7 35. Kd4 a4 36. bxa4 bxa4 37. Kc3 Kg6 38. Kb4 Kg5 39. Ne6+
Kg4 40. Nxg7 Kh3 41. Nh5 Ne4 42. Kxa4 Kxh2 43. Kb4 f5 44. Kc4 Nxg3 45. Nf4 Ne4
46. Kd4 Kg3 47. Nh5+ Kg4 48. Ng7 h5 49. Ke5 Ng3 50. Ne6 h4 51. Nf4 h3 0-1

[Event "2017 Oceania Zone 3.6 Zonal Championshi"]
[Site "Auckland NZL"]
[Date "2017.01.19"]
[Round "8.36"]
[White "Narenthran, Tharmaratnam"]
[Black "Dias, Douglas"]
[Result "1-0"]
[WhiteElo "1909"]
[BlackElo "1399"]
[PlyCount "67"]
[EventDate "2017.01.14"]

1. e4 Nf6 2. Nc3 e5 3. Bc4 Nc6 4. a3 a6 5. Nf3 Bc5 6. d3 h6 7. Be3 Bd4 8. Bxd4
Nxd4 9. Nxe5 O-O 10. Nf3 d5 11. Nxd5 Bg4 12. Ne3 Bh5 13. c3 Nxf3+ 14. gxf3 c5
15. Rg1 Nd7 16. Nf5 Ne5 17. Nxh6+ Kh8 18. Ng4 Bxg4 19. fxg4 Re8 20. Bd5 Qh4 21.
Qe2 Qg5 22. h4 Qf4 23. Rg3 Rad8 24. c4 b5 25. b3 bxc4 26. bxc4 Rb8 27. g5 Rb2
28. Qxb2 Nxd3+ 29. Rxd3 Qxh4 30. Rg3 Rxe4+ 31. Bxe4 Qxe4+ 32. Qe2 Qc6 33. Rd1
Qc8 34. Qe7 1-0

[Event "2017 Oceania Zone 3.6 Zonal Championshi"]
[Site "Auckland NZL"]
[Date "2017.01.19"]
[Round "8.37"]
[White "Lim, Christopher"]
[Black "Crossman, Tom"]
[Result "0-1"]
[WhiteElo "1691"]
[BlackElo "1945"]
[PlyCount "116"]
[EventDate "2017.01.14"]

1. d4 Nf6 2. c4 c5 3. d5 b5 4. Qc2 b4 5. e4 d6 6. Bd3 g6 7. b3 Bg7 8. Bb2 O-O
9. Ne2 Ng4 10. Bxg7 Kxg7 11. Qb2+ Kg8 12. O-O e5 13. h3 Nh6 14. f4 exf4 15.
Nxf4 Nd7 16. Nd2 Ne5 17. Nf3 f6 18. Qd2 Nhf7 19. Rae1 Bd7 20. Re3 a5 21. Nxe5
Nxe5 22. Rg3 Qe7 23. Be2 Kh8 24. Nd3 Rf7 25. Qf4 Re8 26. Kh1 g5 27. Qe3 Ng6 28.
Bf3 Kg7 29. Qd2 Rff8 30. Qb2 Ne5 31. Bh5 Nxd3 32. Rxd3 Qxe4 33. Rdf3 Re5 34.
Qf2 f5 35. Bg4 Kg6 36. h4 Qxg4 37. hxg5 Rfe8 38. Rg3 Qh4+ 39. Kg1 Qd4 40. Qxd4
cxd4 41. Rff3 Re1+ 42. Kh2 R8e3 43. Rf2 Rxg3 44. Kxg3 Re3+ 45. Kh2 Kxg5 46. Rd2
d3 47. Kg1 Kg4 48. Kf1 Kg3 49. Rd1 f4 50. Rd2 Bg4 51. c5 dxc5 52. d6 Be2+ 53.
Kg1 Re6 54. d7 Rd6 55. Kh1 Rxd7 56. Kg1 Rd4 57. Kh1 c4 58. bxc4 Rxc4 0-1

[Event "2017 Oceania Zone 3.6 Zonal Championshi"]
[Site "Auckland NZL"]
[Date "2017.01.19"]
[Round "8.38"]
[White "Cooper, Nigel"]
[Black "Louie, Jared"]
[Result "0-1"]
[WhiteElo "1643"]
[BlackElo "1895"]
[PlyCount "170"]
[EventDate "2017.01.14"]

1. e4 c5 2. Nf3 d6 3. c3 Nf6 4. Bd3 g6 5. Bc2 Bg7 6. O-O O-O 7. h3 e5 8. d3 h6
9. Be3 Nc6 10. Qd2 Kh7 11. Rd1 Qe7 12. Qe2 Re8 13. Nbd2 d5 14. exd5 Nxd5 15.
Ne4 Nxe3 16. Qxe3 b6 17. Re1 Be6 18. Ned2 Qc7 19. Re2 Rad8 20. Rae1 Bd5 21. Nh4
Bf6 22. Qg3 Qe7 23. Nhf3 Qc7 24. Bb1 Bxf3 25. Qxf3 Bg7 26. Re3 Re7 27. Ne4 f5
28. Nd2 Rde8 29. Qe2 Bf6 30. Nf3 Nd8 31. Qd2 Nf7 32. g3 Nd6 33. Qc2 e4 34. dxe4
Nxe4 35. Nd2 Nxd2 36. Qxd2 Rxe3 37. Rxe3 Bg5 38. f4 Rd8 39. Qe2 Bf6 40. Re6 Kg7
41. Re3 c4 42. a3 b5 43. Qf3 Rd2 44. Re8 Qd7 45. Re1 Rxb2 46. g4 Bd8 47. Rd1
Bb6+ 48. Kh1 Rd2 49. Rxd2 Qxd2 50. Qb7+ Kf6 51. Qc6+ Ke7 52. Qb7+ Qd7 53. Qxd7+
Kxd7 54. gxf5 gxf5 55. Bxf5+ Kc6 56. Kg2 Ba5 57. Kf3 Bxc3 58. Be4+ Kc5 59. f5
a5 60. Kg4 b4 61. axb4+ axb4 62. Kh5 Kd4 63. Bb1 Ke5 64. Kg6 Kf4 65. Kxh6 Kg3
66. Kg5 Kxh3 67. Kf4 Bf6 68. Ke3 b3 69. Kd2 Kg4 70. Ke3 Kg5 71. Kf3 Ba1 72. Ke3
Kf6 73. Kd2 Ke5 74. Ke3 Kd6 75. Kd2 Bf6 76. Be4 Kc5 77. Kc1 Kd4 78. Bb1 Kc3 79.
Be4 Bg5+ 80. Kb1 Kd2 81. Bf3 Kd3 82. Bd1 Bf6 83. Kc1 Be5 84. Kb1 Kd2 85. f6
Kxd1 0-1

[Event "2017 Oceania Zone 3.6 Zonal Championshi"]
[Site "Auckland NZL"]
[Date "2017.01.19"]
[Round "8.39"]
[White "Shen, Kevin"]
[Black "Yung, Cameron"]
[Result "1/2-1/2"]
[WhiteElo "1672"]
[BlackElo "1862"]
[PlyCount "60"]
[EventDate "2017.01.14"]

1. d4 d5 2. c4 e6 3. Nc3 f5 4. e3 Nf6 5. Nf3 c6 6. Qc2 Bd6 7. Bd3 Ne4 8. Bd2
Nd7 9. Rf1 g5 10. h3 Ndf6 11. O-O-O g4 12. Ng1 h5 13. f3 gxf3 14. Bxe4 Nxe4 15.
Nxe4 fxe4 16. gxf3 Qh4 17. Be1 Qg5 18. f4 Qf5 19. c5 Be7 20. Rd2 Rg8 21. Rg2
Rg6 22. Ba5 Bh4 23. Bc7 Kd7 24. Bd6 b6 25. Kb1 Ba6 26. Rxg6 Bd3 27. Rg7+ Kc8
28. Ne2 Qxh3 29. Rfg1 Bxc2+ 30. Kxc2 Bd8 1/2-1/2

[Event "2017 Oceania Zone 3.6 Zonal Championshi"]
[Site "Auckland NZL"]
[Date "2017.01.19"]
[Round "8.40"]
[White "Renjith, Sravan"]
[Black "Rains, Timothy"]
[Result "0-1"]
[WhiteElo "1612"]
[BlackElo "1839"]
[PlyCount "150"]
[EventDate "2017.01.14"]

1. d4 b6 2. c4 Bb7 3. Bf4 e6 4. e3 Nf6 5. Nf3 c5 6. Nc3 cxd4 7. exd4 d5 8. Be2
dxc4 9. Bxc4 a6 10. O-O Bd6 11. Bxd6 Qxd6 12. Ne5 O-O 13. Re1 Re8 14. Nf3 Nc6
15. d5 Na5 16. Bd3 exd5 17. Nd4 g6 18. Qd2 Kg7 19. Qg5 Kh8 20. Rad1 Ng8 21. g3
Qf6 22. Qxf6+ Nxf6 23. Rxe8+ Rxe8 24. b4 Nc4 25. Na4 Nd7 26. Nb3 h5 27. f4 b5
28. Nac5 Nxc5 29. Nxc5 Re7 30. Bb1 Nb6 31. Kf2 Kg7 32. Nxb7 Rxb7 33. Ke3 Rc7
34. Bd3 Rc3 35. Kd4 Rc8 36. Rf1 Kf6 37. h3 Na4 38. Kxd5 Nc3+ 39. Kd4 Nxa2 40.
Rb1 Rd8+ 41. Ke3 Rd6 42. g4 hxg4 43. hxg4 g5 44. f5 Nc3 45. Rb3 Nd5+ 46. Ke4
Ne7 47. Ra3 Nd5 48. Rb3 Nf4 49. Bb1 Rc6 50. Bd3 Nxd3 51. Rxd3 Ke7 52. Rd4 Rc1
53. Kd5 Rf1 54. Ke5 f6+ 55. Kd5 Kd7 56. Rd3 Re1 57. Ra3 Rd1+ 58. Ke4 Rd6 59.
Rc3 Rd1 60. Ra3 Rb1 61. Rxa6 Rxb4+ 62. Kd5 Rxg4 63. Rxf6 Rf4 64. Ke5 b4 65. Rg6
b3 66. Rb6 Rf3 67. f6 g4 68. Ke4 Ke8 69. Rb5 Kf7 70. Rb6 b2 71. Rxb2 Kxf6 72.
Ra2 Kg5 73. Rh2 Rf7 74. Ke3 g3 75. Rg2 Kg4 0-1

[Event "2017 Oceania Zone 3.6 Zonal Championshi"]
[Site "Auckland NZL"]
[Date "2017.01.19"]
[Round "8.41"]
[White "Zhao, Isaac"]
[Black "Wang, Aaron Ziwen"]
[Result "1-0"]
[WhiteElo "1838"]
[BlackElo "1598"]
[PlyCount "79"]
[EventDate "2017.01.14"]

1. e4 c5 2. Nf3 d6 3. c3 Nf6 4. Be2 Nxe4 5. Qa4+ Nc6 6. Qxe4 g6 7. Qc2 Bg7 8.
O-O O-O 9. d3 Bf5 10. Be3 Qb6 11. Nbd2 Rac8 12. Qb3 Qc7 13. Ne4 b6 14. c4 Rfd8
15. Nc3 Na5 16. Qd1 d5 17. Nxd5 Qb7 18. Nh4 e6 19. Nxf5 gxf5 20. Nc3 Nxc4 21.
Qc1 Ne5 22. Qc2 Rd7 23. f4 Ng4 24. Bxg4 fxg4 25. Qe2 f5 26. Bf2 Qc6 27. Rfe1
Rd6 28. Rad1 Rcd8 29. Kh1 Bf6 30. Rd2 c4 31. d4 b5 32. a4 a6 33. d5 exd5 34.
Bd4 b4 35. Bxf6 Rxf6 36. Qe7 Rfd6 37. Qg5+ Kh8 38. Re7 Rg6 39. Qxf5 bxc3 40.
Qf7 1-0

[Event "2017 Oceania Zone 3.6 Zonal Championshi"]
[Site "Auckland NZL"]
[Date "2017.01.19"]
[Round "8.42"]
[White "Shen, Terry"]
[Black "Oka, Hikaru"]
[Result "1/2-1/2"]
[WhiteElo "1706"]
[BlackElo "1559"]
[PlyCount "81"]
[EventDate "2017.01.14"]

1. d4 d5 2. Bf4 Nf6 3. e3 c5 4. c3 Nc6 5. Bd3 e6 6. Nf3 Qb6 7. b3 Be7 8. h3 Bd7
9. O-O O-O 10. Ne5 Rac8 11. g4 Nxe5 12. Bxe5 Ne8 13. Bg3 Bb5 14. c4 Ba6 15.
cxd5 exd5 16. Nc3 Nf6 17. g5 Bxd3 18. Qxd3 cxd4 19. Na4 Qe6 20. gxf6 Bxf6 21.
exd4 Qxh3 22. Nc3 h5 23. Nxd5 h4 24. Nxf6+ gxf6 25. Rac1 Kh8 26. Qf3 hxg3 27.
fxg3 Rxc1 28. Rxc1 f5 29. Qh1 Qxh1+ 30. Kxh1 Rd8 31. Rd1 Kg7 32. Kg2 Kf6 33.
Kf3 Ke6 34. Kf4 Rd5 35. Rd2 Kf6 36. Rd3 Kg6 37. Rd2 Kf6 38. Rd3 Kg6 39. Rd2 Kf6
40. Rd1 Ke6 41. Rd2 1/2-1/2

[Event "2017 Oceania Zone 3.6 Zonal Championshi"]
[Site "Auckland NZL"]
[Date "2017.01.19"]
[Round "8.43"]
[White "Kumar, Viney"]
[Black "Li, Rodney Xiang Rui"]
[Result "1/2-1/2"]
[WhiteElo "1703"]
[BlackElo "1525"]
[PlyCount "66"]
[EventDate "2017.01.14"]

1. d4 Nf6 2. c4 e6 3. Nf3 b6 4. Nc3 Bb7 5. e3 d5 6. cxd5 exd5 7. Be2 Nbd7 8.
O-O a6 9. Ne5 Bd6 10. f4 O-O 11. Bd3 c5 12. Qf3 Re8 13. h3 h6 14. a4 Nf8 15.
Bf5 Ne6 16. Bxe6 fxe6 17. g4 Nh7 18. Bd2 Qc7 19. Qg3 Nf8 20. g5 hxg5 21. Qxg5
Qe7 22. Qg4 Nh7 23. Kh1 Nf6 24. Qg6 Rec8 25. Rg1 Rc7 26. Raf1 Ne4 27. Nxe4 dxe4
28. Bc3 Bxe5 29. dxe5 Rd8 30. Rd1 Rd3 31. Rxd3 exd3+ 32. Kh2 c4 33. e4 Qf7
1/2-1/2